| 000 | nam a22 a 4500 | ||
|---|---|---|---|
| 999 |
_c1824 _d1824 |
||
| 003 | AKMAL | ||
| 005 | 20170512095948.0 | ||
| 008 | 170512s1987 my a00 may d | ||
| 040 |
_aAKMAL _cAKMAL |
||
| 082 | 0 | 4 | _a340.2 SHA |
| 090 | 0 | 0 |
_a340.2 _bSHA |
| 100 | 1 |
_aMohd. Noor Alam bin S.M. Hussain _q(Shaikh Mohammad), _cShaikh _93773 |
|
| 245 | 1 | 0 |
_aUndang-undang perkongsian / _cShaikh Mohd. Noor Alam bin S.M. Hussain |
| 260 |
_aKuala Lumpur : _bDewan Bahasa dan Pustaka, _c1987 |
||
| 300 | 0 | 0 |
_axii, 216ms. ; _c21cm |
| 504 | _aBibliografi: ms.213 | ||
| 650 | 0 |
_aPartnership _zMalaysia _93774 |
|
| 942 |
_2ddc _cBOOK |
||